Constituencies of UK party leaders - Statistics

General Stats
  • This quiz has been taken 27 times
    9 since last reset
  • The average score is 21 of 43
Answer Stats
Hint Answer % Correct
Jeremy Corbyn Islington North
100%
Theresa May Maidenhead
100%
Ed Miliband Doncaster North
86%
Ed Davey Kingston and Surbiton
86%
Rishi Sunak Richmond
86%
William Hague Richmond
86%
Tony Blair Sedgefield
86%
Nick Clegg Sheffield Hallam
86%
Liz Truss South West Norfolk
86%
Boris Johnson Uxbridge and South Ruislip
86%
David Cameron Witney
86%
Ian Duncan Smith Chingford and Woodford Green
71%
Keir Starmer Holborn and St Pancras
71%
Margaret Beckett Derby South
57%
Jo Swinson East Dunbartonshire
57%
Margaret Thatcher Finchley
57%
John Major Huntingdon
57%
Gordon Brown Kirkcaldy and Cowdenbeath
57%
Kemi Badenoch North West Essex
57%
Charles Kennedy Ross, Skye and Lochaber
57%
Vince Cable Twickenham
57%
Tim Farron Westmorland and Lonsdale
57%
Paddy Ashdown Yeovil
57%
Jim Callaghan Cardiff South East
43%
Neil Kinnock Islwyn
43%
Clement Attlee Limehouse/Walthamstow West
43%
Winston Churchill Woodford
43%
Ted Heath Bexley
29%
Harold Macmillan Bromley
29%
Harriet Harman Camberwell and Peckham
29%
Hugh Gaitskell Leeds South
29%
Clement Davies Montgomeryshire
29%
Jeremy Thorpe North Devon
29%
Jo Grimond Orkney and Shetland
29%
Michael Foot Ebbw Vale
14%
Michael Howard Folkestone and Hythe
14%
Harold Wilson Huyton
14%
John Smith Monklands East
14%
Menzies Campbell North East Fife
14%
David Steel Tweedale, Ettrick and Lauderdale
14%
Alec Douglas-Home Kinross and West Perthshire
0%
Herbert Morrison Lewisham South
0%
Anthony Eden Warwick and Leamington
0%
No matching quizzes found
Score Distribution
Percent of People with Each Score
Percentile by Number Answered
Your Score History
You have not taken this quiz since the last reset